| 000 | 00919nam0a22002891 4500 | ||
|---|---|---|---|
| 001 | rc\2268067 | ||
| 005 | 20250623033847.0 | ||
| 035 | _a(NLR Aleph) 006549359 | ||
| 090 |
_a6722795 _c6722795 |
||
| 100 | _a20110829d1977 |||y0rusy50 ca | ||
| 101 | 0 | _arus | |
| 102 | _aRU | ||
| 105 | _aa z ||||| | ||
| 200 | 1 |
_aМеханизация кормоприготовления _fИ.В. Жилов |
|
| 210 |
_aГорький _cВолго-Вят. кн. изд-во _d1977 |
||
| 215 |
_a128 с. _cил. _d20 |
||
| 320 | _aСписок лит.: с. 127 | ||
| 606 |
_aКорма _xПодготовка к скармливанию _2psbo |
||
| 686 |
_aП072.91,0 _2rubbk |
||
| 700 | 1 |
_aЖилов _bИ.В. _gИван Васильевич |
|
| 801 | 0 |
_aRU _bNLR _gpsbo |
|
| 801 | 1 |
_aRU _bELAR _2rusmarc |
|
| 852 |
_aNLR _j77-3/4128 |
||
| 899 |
_aRuMoRGB _jБ 77-23/913 |
||
| 899 |
_aRuMoRGB _jБ 77-23/914 |
||
| 942 | _cBOOK | ||
| 980 | _aNB | ||